| 000 | 01361nam2a22002771 4500 | ||
|---|---|---|---|
| 001 | rc\4076533 | ||
| 005 | 20250611081955.0 | ||
| 021 |
_aRU _b[56-56868] |
||
| 035 | _a(NLR Aleph) 008123188 | ||
| 090 |
_a9376583 _c9376583 |
||
| 100 | _a20130415d1956 |||y0rusy50 ca | ||
| 101 | 0 | _arus | |
| 102 | _aRU | ||
| 105 | _aa z ||||| | ||
| 200 | 0 |
_aЧ. 2 _f(С прил. статей Н.Б. Вассоевича и К.В. Бабкова) |
|
| 210 |
_d1956 _aБ. м. |
||
| 215 |
_a312 с., 11 л. схем. _cил. _d27 |
||
| 320 | _aБиблиогр.: с. 235-238 (96 назв.) | ||
| 461 | 0 |
_1001rc\4076531 _12001#$aЛитология кайнозойских моласс Средней Азии$e[Ч. 1]-$fАкад. наук Узб. ССР. Ин-т геологии$vЧ. 2 _1700#1$aПопов$bВ.И.$f1907-$gВладимир Иванович _99376572 _aПопов, В. И. (д-р геол.-минерал. наук ; 1907-1991) _cТашкент _d1954 _fАкад. наук Узб. ССР. Ин-т геологии _nИзд-во Акад. наук УзССР _o[Ч. 1]- _tЛитология кайнозойских моласс Средней Азии _vЧ. 2 |
|
| 702 | 1 |
_aВассоевич _bН.Б. _4570 |
|
| 702 | 1 |
_aБабков _bК.В. _4570 |
|
| 801 | 0 |
_aRU _bNLR _gpsbo |
|
| 801 | 1 |
_aRU _bELAR _2rusmarc |
|
| 852 |
_aNLR _jГн02 Г-7/187 |
||
| 942 | _cBOOK | ||
| 980 | _aNB | ||